000 00208nam a2200097Ia 4500
008 190216s9999||||xx |||||||||||||| ||und||
100 _aP A Muhamed Koya
245 0 _aAbhilasham
260 _bNull
942 _cBK
999 _c23842
_d23842